| 000 | 01334cam a2200337 i 4500 | ||
|---|---|---|---|
| 001 | zz2007981923 | ||
| 003 | NUKAT | ||
| 005 | 20260425222235.0 | ||
| 008 | 070131s1909 pl a |000 0 pol c | ||
| 035 | _a(OCoLC)749574205 | ||
| 035 | _a(NUKAT)zz2007981923 | ||
| 040 |
_aWA U/76MP _cWA U/MP _dWA U/76DP _dKR 295/MAGs |
||
| 100 | 1 |
_aMerczyng, Henryk _d(1860-1916). _940547 |
|
| 245 | 1 | 0 |
_aEtnograficzno-statystyczny zarys liczebności i rozsiedlenia ludności polskiej / _coprac. Edward Czyński ; przy współpracy T. Tillingera. |
| 250 | _aWyd. 2., uzup. i rozszerz. | ||
| 260 |
_aWarszawa : _b[s.n.], _c1909 _e(Warszawa : _fPiotr Laskauer). |
||
| 300 |
_a115 s., [6] s. map złoż. ; _c28 cm. |
||
| 336 |
_aTekst _btxt _2rdacontent |
||
| 337 |
_aBez urządzenia pośredniczącego _bn _2rdamedia |
||
| 338 |
_aWolumin _bnc _2rdacarrier |
||
| 500 | _aNa s. tyt. pseud. aut.: Edward Czyński, nazwa aut.: Henryk Merczyng. | ||
| 650 | 7 |
_aDemografia _2DBN _940242 |
|
| 650 | 7 |
_aEtnografia _2DBN _935028 |
|
| 650 | 7 |
_aGeografia ludności _2DBN _940548 |
|
| 650 | 7 |
_aGeografia osadnictwa _2DBN _940549 |
|
| 650 | 7 |
_aGeografia społeczna _2DBN _940550 |
|
| 650 | 7 |
_aStatystyka _2DBN _940551 |
|
| 651 | 7 |
_aPolska _xludność _y1870-1914 _vstatystyki. _2kaba _940552 |
|
| 700 | 1 |
_aTillinger, Tadeusz _d(1879-1955). _940553 |
|
| 942 |
_2ddc _cBK_NM |
||
| 999 |
_c27776 _d27776 |
||